NBA 2019-2020 - Statistiques

Statistiques générales
  • Ce quiz a été pris 427 fois
  • Le résultat moyen est 64 sur 100
Statistiques - réponses
Hint Réponse % Correct
1 | Champion | Contres Par Match | +3 others Lakers / Los Angeles
99%
Pourcentage à 3 Points Jazz / Utah / Heat / Miami
96%
1 | Division Central | Plus Grand Différentiel | +2 others Bucks / Milwaukee
94%
3 Celtics / Boston
94%
5 | Division Sud-Est | Vice Champion Heat / Miami
94%
Ballons Perdu Par Match 76ers / Philadelphie / Jazz / Utah
91%
Double-Doubles (16) | MVP Finales | Passes Par Match (10.2) | Triple-Doubles (5) LeBron James
91%
Contres Par Match Pacers / Indiana / Raptors / Toronto
91%
2 Clippers / Los Angeles
90%
3 | Division Nord-Ouest Nuggets / Denver
90%
4 | Division Sud-Ouest Rockets / Houston
89%
Points Par Match (34.3) James Harden
87%
7 | Passes Par Match Nets / Brooklyn
87%
2 | Division Atlantique Raptors / Toronto
87%
6 | Pourcentage à 3 Points Jazz / Utah
84%
7 | Points par Match Mavericks / Dallas
84%
Pourcentage de Réussite (64.9%) Rudy Gobbert
81%
Rudy Gobert
81%
Double-Doubles (56) | Joueur Defensifs | MVP Giánnis Antetokoúnmpo
80%
6 76ers / Philadelphie
79%
5 Thunder / Oklahoma City
79%
Anthony Davis
77%
2 (Grizzlies) | Rookie Ja Morant
77%
8 | Poucentage aux Lancers Francs Magic / Orlando
77%
4 | Interceptions Par Match Pacers / Indiana
77%
Rebonds Par Match Thunder / Oklaoma City
76%
Ballons Perdu Par Match (5.2) | Triple-Doubles (17) Luka Dončić
73%
Zion Williamson
73%
8 Trail Blazzers / Portland
70%
Passes Par Match Suns / Phoenix
68%
Ballons Perdu Par Match Spurs / San Antonio
64%
Poucentage aux Lancers Francs Suns / Pheonix
63%
Interceptions Par Match Bulls / Chicago
59%
3 (Knicks) R.J. Barrett
50%
Rebonds Par Match (15.2) Andre Drummond
48%
5 (Cavaliers) Darius Garland
39%
Ballons Perdu Par Match (4.8) Trae Young
39%
Points Par Match (36.3) Donovan Mitchell
37%
Minutes Jouées Par Match (37.5) | Poucentage aux Lancers Francs (97%) Damian Lillard
36%
Minutes Jouées Par Match (40.6) Jayson Tatum
34%
7 (Bulls) Coby White
33%
Contres Par Match (4.0) Myles Turner
33%
Marcus Smart
31%
MIP Brandon Ingram
27%
6ème Homme Montrezi Harrell
27%
Interceptions Par Match (2.1) Ben Simmons
26%
Coach de l'Année Nick Nurse
22%
4 (Lakers) De'Andre Hunter
21%
Pourcentage à 3 Points (58.3%) Joe Harris
21%
8 (Pelicans) Jaxson Hayes
19%
9 (Wizards) Rui Hachimura
17%
10 (Hawks) Cam Reddish
16%
Rebonds Par Match (14.8) Jarret Allen
14%
Pourcentage de Réussite (74.2%) Mitchell Robinson
14%
Passes Par Match (10.0) Malcolm Brogdon
13%
Contres Par Match (2.9) Hassan Whiteside
11%
6 (Timberwolves) Jarrett Culver
10%
Kendrick Nunn
7%
Brandon Clarke
4%
Eric Paschall
4%
Poucentage aux Lancers Francs (92.6%) Brad Wanamaker
3%
Ja Morent
3%
Pourcentage à 3 Points (46%) Joe HarrisGeorge Hill
2%
Interceptions Par Match (2.5) Robert Covington
2%
Aucun quiz correspondant
Distribution des résultats
% des personnes avec chaque résultat
Percentile par nombre de réponses
Votre historique - résultats
Vous n’avez pas pris ce quiz